000 01044cam a2200217 4500
001 WB3815-13
008 020425n2002 000 0 eng u
035 _a(Sirsi) u117676
245 _aIPPC new requirements for landfill gas producers
260 _c2002
490 _aRICS Minerals and Waste Management Faculty News
_v25 April 2002 (1)
520 _aIn view of the forthcoming extension of the Integrated Pollution Prevention and Control, IPPS regime to landfills, via the Landfill Regulations, http://www.environment-agency.gov.uk/yourenv/consultations/ippclandfill/?lang=_e®ion= guidance has been issued to explain the requirements to be met when installing new landfill gas equipment. http://www.rics.org/ricscms/bin/show?class=News&template=/includes/shownews.html&id=2350
590 _aWB
650 _aLANDFILL GAS
650 _aEQUIPMENT
650 _aENVIRONMENT AGENCY
650 _aINTEGRATED POLLUTION PREVENTION AND CONTROL
650 _aLANDFILL TAX CREDIT SCHEME
690 _aENVIRONMENT-MANAGEMENT
942 _n0
999 _c70074
_d70074